| 000 | 00742nam a2200193Ia 4500 | ||
|---|---|---|---|
| 003 | GCL | ||
| 008 | 140319s9999 xx 000 0 ara d | ||
| 040 |
_aGCL / _cGCL |
||
| 082 | 0 | 4 |
_a323.4 _bم ا |
| 100 | 1 | _aالمنظمة العربية لحقوق الانسان | |
| 245 | 1 | 0 |
_aالاعلان العالمى لحقوق الانسان واحوال الوطن العربى / _cالمنظمة العربية لحقوق الانسان |
| 260 |
_a[S.N] : _bدار المستقبل العربى ، _c1989 |
||
| 490 |
_aالندوات الفكرية _v0 |
||
| 650 | 0 | 4 | _aالحقوق السياسية |
| 650 | 0 | 4 | _aالوطن العربى |
| 650 | 0 | 4 | _aحقوق الانسان |
| 650 | 0 | 4 | _aالقانون الدستورى |
| 942 |
_2ddc _cBK |
||
| 999 |
_c55612 _d55612 |
||